Central Library OPAC University of Rajshahi

Spencer-Meade cane sugar handbook : (Record no. 70884)

MARC details
000 -LEADER
fixed length control field 00975nam a2200277 a 4500
001 - CONTROL NUMBER
control field 70884
003 - CONTROL NUMBER IDENTIFIER
rucl marc code BD-RjUL
005 - DATE AND TIME OF LATEST TRANSACTION
control field 20211209082042.0
008 - FIXED-LENGTH DATA ELEMENTS--GENERAL INFORMATION
fixed length control field 170422s1977 nyua 001 0 eng
020 ## - INTERNATIONAL STANDARD BOOK NUMBER
International Standard Book Number 0471589950
035 ## - SYSTEM CONTROL NUMBER
System control number (BD-RjUL)71098
040 ## - CATALOGING SOURCE
Original cataloging agency DLC
Transcribing agency OC
Modifying agency OCoLC
-- DLC
-- BD-RjUL
Language of cataloging eng
041 ## - LANGUAGE CODE
Language code of text/sound track or separate title eng
082 ## - DEWEY DECIMAL CLASSIFICATION NUMBER
Edition number 23
Classification number 664.122
Author mark and year MES 1977
100 1# - MAIN ENTRY--PERSONAL NAME
Personal name Meade, George P.
Fuller form of name (George Peterkin),
Dates associated with a name 1883-1975.
9 (RLIN) 52079
245 10 - TITLE STATEMENT
Title Spencer-Meade cane sugar handbook :
Remainder of title a manual for cane sugar manufacturers and their chemists /
Statement of responsibility, etc. George P. Meade.
250 ## - EDITION STATEMENT
Edition statement 10th ed.
260 ## - PUBLICATION, DISTRIBUTION, ETC. (IMPRINT)
Place of publication, distribution, etc. New York :
Name of publisher, distributor, etc. J. Wiley,
Date of publication, distribution, etc. c1977.
300 ## - PHYSICAL DESCRIPTION
Pagination xviii, 947 p. :
Illustrations ill. ;
Size 22 cm.
500 ## - GENERAL NOTE
General note Eighth ed., by Guilford L. Spencer and George P. Meade.
504 ## - BIBLIOGRAPHY, ETC. NOTE
Bibliography, etc Bibliography: p. xi-xii. and index.
650 #0 - SUBJECT ADDED ENTRY--TOPICAL TERM
Topical term or geographic name as entry element Sugar
General subdivision Manufacture and refining.
9 (RLIN) 52080
700 1# - ADDED ENTRY--PERSONAL NAME
Personal name Spencer, Guilford L.,
Dates associated with a name 1858-
942 ## - ADDED ENTRY ELEMENTS (KOHA)
Source of classification or shelving scheme Dewey Decimal Classification
Koha item type Books
Holdings
Lost status Source of classification or shelving scheme Damaged status Not for loan Collection code Permanent Location Current Location Shelving location Date acquired Source of acquisition Cost, normal purchase price Total Checkouts Full call number Date last seen Copy number Koha item type
  Dewey Decimal Classification   Not For Loan Non-fiction Central Library, University of Rajshahi Central Library, University of Rajshahi Reading Room 30/06/1982 Heffers 39.15   664.122 MES 1977 22/04/2017 C-1 Books
  Dewey Decimal Classification     Non-fiction Central Library, University of Rajshahi Central Library, University of Rajshahi   05/05/1983 Heffers 70.40   664.122 MES 1977 06/11/2019 C-2 Books
  Dewey Decimal Classification     Non-fiction Central Library, University of Rajshahi Central Library, University of Rajshahi   20/12/1983       664.122 MES 1977 06/11/2019 C-3 Books